Ειδική διδακτική, της πρώτης δημοτικού ; Ειδική διδακτική, της δευτέρας δημοτικού

Αποθηκεύτηκε σε:
Λεπτομέρειες βιβλιογραφικής εγγραφής
Κύριος συγγραφέας: Γκρόζας, Αθανάσιος Κ.
Μορφή: Βιβλίο
Γλώσσα:Greek
Δημοσίευση: Αθήναι : Αλικιώτης, Ζαχαρόπουλος. Ι.&Π., [19--].
Θέματα:
Διαθέσιμο Online:http://hdl.handle.net/11610/16765
Ετικέτες: Προσθήκη ετικέτας
Δεν υπάρχουν, Καταχωρήστε ετικέτα πρώτοι!

MARC

LEADER 00000cam a2200000 i 4500
001 1/93274
008 080905n19uu gr || ||| ||gre||
035 |l 10099932 
040 |a GR-MY-UA  |b gre  |e aacr 
041 0 |a gre 
082 7 |a 372.1102   |2 (22) 
100 1 |a Γκρόζας, Αθανάσιος Κ. 
245 1 0 |a Ειδική διδακτική, της πρώτης δημοτικού ; Ειδική διδακτική, της δευτέρας δημοτικού /   |c Αθανασίου Κ. Γκρόζα.  
260 |a Αθήναι :   |b Αλικιώτης,   |b Ζαχαρόπουλος. Ι.&Π.,   |c [19--].  
300 |a π. 305 σ. ;   |c 21 εκ. 
500 |a Υπάρχει ψηφιακό αντίγραφο.  
500 |a Το τεκμήριο περιλαμβάνει τα έργα "Ειδική διδακτική, της πρώτης δημοτικού" και "Ειδική διδακτική, της δευτέρας δημοτικού" μαζί.  
500 |a Υπό των τίτλων: "Κατά τις νεώτατες απαιτήσεις της παιδαγωγικής καί διδακτικής επιστήμης, (αυτενέργεια, στενώτερη πατρίδα και ενιαία διδασκαλία)".  
504 |a Περιλαμβάνει βιβλιογραφίες: σ. [197] - σ. [111].  
650 0 0 |a Education, Elementary  |x Study and teaching. 
650 0 0 |a Education, Elementary  |z Greece. 
650 0 0 |a Education, Elementary  |x Philosophy. 
740 0 2 |a Ειδική διδακτική, της δευτέρας δημοτικού.  
852 |a INST  |b RHODES  |c AKA  |e 20080905  |h  372.1102 ΓΚΡ  |p 005400028730  |q 005400028730  |t BK  |y 23 
856 |u http://hdl.handle.net/11610/16765 
901 |a BIBL4-2008-3 
909 |a Ρ  |b 152843 
970 |a ΧΑΡΙΟΠΟΛΙΤΟΥ  |b ΚΩΝΣΤΑΝΤΙΝΑ  |z 2008-09-05